| 000 | 00459nam a2200217Ia 4500 | ||
|---|---|---|---|
| 005 | 20250425162644.0 | ||
| 008 | 250425s9999 xx 000 0 und d | ||
| 020 | _a9684630042 | ||
| 041 | _aspa | ||
| 043 | _amx | ||
| 082 | _a639.8 | ||
| 100 | _aWHEATON, FRED. W. | ||
| 245 | 0 | _aACUACULTURA | |
| 250 | _aS.E | ||
| 260 | _aMEXICO | ||
| 260 |
_aMéxico _bA.G.T. _c1977 |
||
| 300 | _a704 | ||
| 650 | _aACUACULTURA | ||
| 942 | _c01 | ||
| 010 | _a94652 | ||
| 999 |
_c233735 _d233735 |
||